000 00454nam a2200181Ia 4500
001 21310
005 20260306172910.0
008 260306t2013||||xx |||||||||||||| ||spa||
041 _aESP
082 _a344.525J
_bG312
100 _aRojas Vargas, Fidel
_eAUT
245 0 _aLos delitos contra el patrimonio en la jurisprudencia
260 _c2013
300 _a573 páginas :
_c25 cm.
650 _aGEN
654 _aCDE
942 _cLIB
_dJUS
_fJUS
_2ddc
_n
999 _c21310
_d21310